header

Qualitative research in education (Record no. 175543)

MARC details
000 -LEADER
fixed length control field 01372nam a2200361Ia 4500
082 04 - DEWEY DECIMAL CLASSIFICATION NUMBER
Classification number 370/.7/2
100 1# - MAIN ENTRY--AUTHOR NAME
Personal name Freebody, Peter.
245 10 - TITLE STATEMENT
Title Qualitative research in education
260 ## - PUBLICATION, DISTRIBUTION, ETC. (IMPRINT)
Place of publication London ;
-- Thousand Oaks, Calif. :
Name of publisher SAGE Publications,
Year of publication 2003.
300 ## - PHYSICAL DESCRIPTION
Number of Pages xi, 234 p.
490 1# - SERIES STATEMENT
Series statement Introducing qualitative methods
650 #0 - SUBJECT ADDED ENTRY--TOPICAL TERM
Topical Term Education
Topical Term Qualitative research.
856 40 - ELECTRONIC LOCATION AND ACCESS
Uniform Resource Identifier http://site.ebrary.com/lib/rucke/Doc?id=10668439

No items available.

© 2026 Rongo University
Contact us: librarian | system librarian | Rongo university